000 00368 a2200145 4500
005 20250609104332.0
020 _a0-333-45561-4
082 _aREF 333.703 ALL
100 _aALLABY, M.
245 _aMacmillan Dictionary Of The Environment
250 _a3rd Ed.
260 _aNew York,
_bMacmillan Reference Books,
_c1988.
300 _a423p.:
_c24cm.
942 _2ddc
_cBKS
999 _c3491
_d3491